| 000 | 00677nam a2200217Ii 4500 | ||
|---|---|---|---|
| 003 | JO-AjNU | ||
| 008 | 230606s9999||||xx |||||||||||||| ||und|| | ||
| 020 | _a978-0-07-162366-3 | ||
| 040 |
_aJO-AjNU _beng _erda _cJO-AjNU |
||
| 041 | _aeng | ||
| 050 | 1 | 4 | _aQA303.2.W74.2010 |
| 100 | 3 |
_awrede,Robert/Spiegel,Murray, _eauthor _9959 |
|
| 245 | 0 | 0 | _a Schaum's outline advanced calculus |
| 264 | 3 | 1 | _aMCGRAW-HILL HIGHER EducaTION:London.2007 |
| 300 | _a444p | ||
| 336 |
_atext _btxt _2rdacontent |
||
| 337 |
_aunmediated _bn _2rdamedia |
||
| 338 |
_avolume _bnc _2rdacarrier |
||
| 490 | 0 | _a Schaum's outline series | |
| 650 | 4 |
_a Calculus -- Problems, exercises, etc. _9960 |
|
| 999 |
_aE505 _c505 _d505 |
||